| 000 | 01061nam a22002057a 4500 | ||
|---|---|---|---|
| 003 | BD-DhUL | ||
| 005 | 20170301180012.0 | ||
| 008 | 170301s2002 b ||||| m||| 00| 0 b d | ||
| 040 |
_aBD-DhUL _cBD-DhUL |
||
| 082 |
_a891.443009 _bBEB |
||
| 100 | 1 | 0 | _aবেগম, তাহমিনা |
| 245 | 1 | 0 |
_aবাংলাদেশের উপন্যাসে নৈতিক বিবেচনা, ১৯৭২-১৯৯২ / _b _cতাহমিনা বেগম _h[অভিসন্দর্ভ এম.ফিল.] |
| 260 |
_aঢাকা : _bঢাকা বিশ্ববিদ্যালয়, _c২০০২। |
||
| 300 |
_a২৫৮ পৃ. ; _c৩০ সেমি. |
||
| 500 | _aঅভিসন্দর্ভ (এম.ফিল)--বাংলা বিভাগ, ঢাকা বিশ্ববিদ্যালয়, ২০০০২। | ||
| 504 | _aগ্রন্থপঞ্জী সম্বলিত। | ||
| 650 | 4 |
_aবাংলা উপন্যাস _x |
|
| 650 | 4 |
_aBengali novel _xHistory and Criticism. |
|
| 942 |
_2ddc _cREF |
||
| 999 |
_c159292 _d159292 |
||